|
|
|
|
| LEADER |
00713nab a2200193 i 4500 |
| 001 |
tisza11233 |
| 005 |
20200330142917.0 |
| 008 |
170620s1981 hu o 0|| hun d |
| 022 |
|
|
|a 0133-1167
|
| 040 |
|
|
|a SZTE Tiszatáj Archívum
|b hun
|
| 041 |
|
|
|a hun
|
| 100 |
1 |
|
|a Varga Lajos Márton
|
| 245 |
1 |
0 |
|a Kultúráról, művészetről
|h [elektronikus dokumentum] :
|b Kis Pintér Imrével Varga Lajos Márton beszélget /
|c Varga Lajos Márton
|
| 260 |
|
|
|c 1981
|
| 300 |
|
|
|a 33-39
|
| 490 |
0 |
|
|a Tiszatáj
|v 35 No. 1
|
| 695 |
|
|
|a Magyar irodalom - 20. sz. - interjú, Irodalmi kritika - magyar
|
| 700 |
0 |
2 |
|a Kis Pintér Imre
|
| 856 |
4 |
0 |
|u http://tiszataj.bibl.u-szeged.hu/11233/1/tiszataj_1981_001_033-039.pdf
|z Dokumentum-elérés
|